00782nam a22002057a 4500999001900000005001700019010001500036020003000051035001400081037000900095082001300104100002000117245007800137260005700215270011900272300002000391700001700411942002700428952012100455 c183603d18360320211229151705.0 aENG-130753 a978-93-887-544-84c599.00 aEN-114285 bDBAD a355.0092 aRastogi, Naresh aThe Bugle Calls:cNaresh Rastogi, Kiran DoshibA life in the Indian Army/ aChennaibWestland Publications Private Limitedc2019 a1st Floor, A Block, East Wing, Plot No. 40, SP Info City, Dr. MGR Salai, Perungudi, KandanchavadibChennaie600096 a272pc21cm(pbk) aDoshi, Kiran 2ddccENh355.0092mRAS 001040708NFICaMbMd2021-12-29eDBAD/PUBg599.00l0o355.0092 RASpEN-114285r2021-12-29 00:00:00t1v599.00yEN